Bundesliga Vereine 25/26 - Statistiken

Allgemein
  • Dieses Quiz wurde 142 mal gespielt
  • Das Durchschnittsergebnis liegt bei 16 aus 18
Answers on the Grid
Answers color-coded by a green-red scale on the quiz's grid according to % correct below.
FC Bayern München
Ingolstadt
SV Wehen Wiesbaden
Bayer 04 Leverkusen
Eintracht Frankfurt
MSV Duisburg
Borussia Dortmund
1. FC Köln
SpVgg Greuther Fürth
Sport-Club Freiburg
VfL Bochum 1848
1. FSV Mainz 05
RB Leipzig
Karlsruher SC
Hamburger SV
SV Werder Bremen
SC Paderborn 07
VfB Stuttgart
Hannover 96
TSG Hoffenheim
Borussia Mönchengladbach
SV Darmstadt 98
VfL Wolfsburg
FC Augsburg
Hertha BSC
1. FC Union Berlin
Holstein Kiel
FC St. Pauli
1. FC Heidenheim 1846
Fortuna Düsseldorf
 
Antwortstatistiken
Antwort % Korrekt
FC Bayern München
100%
Eintracht Frankfurt
97%
Bayer 04 Leverkusen
96%
Borussia Dortmund
96%
1. FC Köln
93%
1. FSV Mainz 05
89%
SV Werder Bremen
88%
RB Leipzig
87%
Hamburger SV
85%
VfB Stuttgart
84%
Borussia Mönchengladbach
83%
Sport-Club Freiburg
82%
1. FC Heidenheim 1846
81%
FC St. Pauli
81%
1. FC Union Berlin
80%
FC Augsburg
80%
TSG Hoffenheim
80%
VfL Wolfsburg
80%
Keine übereinstimmenden Quizze gefunden
Verteilung der Resultate
Anzahl Personen mit jedem Resultat
Perzentil nach korrekt beantworteten Fragen
Ihre Resultats-Entwicklung
Sie haben dieses Quiz noch nicht gespielt